[Event "Marienbad Open IM2 2020"]
[Site "Marianske Lazne"]
[Date "2020.01.25"]
[Round "9.15"]
[White "Vetokhin, Savva"]
[Black "Sharma Isha"]
[Result "1/2-1/2"]
[WhiteElo "2113"]
[BlackElo "2169"]
[Annotator "TA"]
[PlyCount "164"]
[EventDate "2020.01.18"]
[EventType "tourn"]
[EventCountry "CZE"]
[SourceTitle "playchess.com"]
[Source "ChessBase"]
[SourceQuality "1"]

{[%evp 28,164,7,15,5,0,19,19,24,15,17,8,26,22,18,14,6,0,0,-2,33,29,40,15,38,37,32,27,47,27,30,1,28,0,0,-8,0,-6,-6,-4,-17,-34,-27,-30,-3,-32,-33,-29,0,-5,-10,-15,-5,-11,0,-15,-2,0,0,-74,-70,-78,-83,-66,-72,-70,-64,-117,-122,-187,-138,-172,-158,-189,-187,-168,-177,-182,-184,-177,-37,-109,-11,-90,-7,-5,0,0,0,-6,0,0,0,0,0,0,0,0,0,0,0,0,0,0,0,0,0,0,0,0,0,0,0,0,0,0,0,0,0,0,0,0,0,0,0,0,0,0,7,0,6,6,7,0,0,0,0,0,0]} 1. e4 e6 2. d4 d5 3. Nd2 Nf6 4. e5 Nfd7 5. Bd3 c5 6. c3 Nc6 7. Ne2 cxd4 8. cxd4 f6 9. exf6 Nxf6 10. Nf3 Bd6 11. O-O Qc7 12. Bg5 O-O 13. Bh4 Nh5 14. Qc2 h6 15. Bg6 Rxf3 {C06: French Tarrasch: 3...Nf6 4 e5 Nfd7 5 Bd3 main lines} 16. Bxh5 (16. gxf3 Bxh2+ 17. Kh1 Nf4 18. Ng3 e5 19. Rad1 Qd6 20. Bh7+ Kh8 21. dxe5 Nxe5 22. Be4 Bh3 23. Kxh2 {½-½ (32) Kotronias,V (2622)-Gurevich,M (2633) Kusadasi 2006}) 16... Rf8 17. Bg3 Bd7 18. Qd2 Rf6 19. Rad1 $146 ({Predecessor:} 19. Bxd6 Qxd6 20. f4 Be8 21. Bxe8 Rxe8 22. Rac1 Qd8 23. Rf3 {½-½ (47) Schaefer,M (2369)-Feygin,M (2481) Germany 2005}) 19... a6 20. Bg4 Raf8 21. Bxd6 Qxd6 22. f4 Ne7 23. g3 Nf5 24. Nc3 Rc8 25. Rfe1 Ne7 26. Qe3 Qb4 27. Rd2 Rc4 28. a3 Qb6 29. Red1 Be8 30. Kg2 Bg6 31. Be2 Rc8 32. Bd3 Bxd3 33. Qxd3 Nf5 34. Na4 Qb5 35. Nc3 Qb3 36. Kg1 {Hoping for Ne4.} Qc4 37. Qf3 Qb3 38. Qd3 Kh8 39. Qe2 Qc4 40. Qf2 b5 41. Ne2 Qb3 42. Nc1 Qa4 43. Ne2 {[#]} (43. Qe1 $11 {remains equal.}) 43... Nd6 $1 $17 44. Rd3 Rc2 $36 {[%mdl 2048] Black has strong initiative.} 45. Nc3 Ne4 46. Qe1 Nxc3 47. bxc3 (47. Rxc3 $15 Rxb2 48. Rd2 Rxd2 49. Rc8+ Kh7 50. Qxd2) 47... Qxa3 48. Qe3 (48. Rf3 $17) 48... Qb2 49. R1d2 Qc1+ 50. Rd1 Qxe3+ 51. Rxe3 $19 {[%mdl 4096] Endgame KRR-KRR} a5 52. Rb1 a4 53. Rxb5 a3 ({Black should try} 53... Rf7 $19 {Threatens to win with ...Ra7.} 54. Kf1 Rxh2) 54. Re1 ({Better is} 54. Ra5 $15) 54... g5 (54... Rf8 $17 55. Ra5 Rb8 56. Rxa3 Rbb2) 55. Ra5 $1 $11 gxf4 ({Black should play} 55... Rxc3 $17 56. fxg5 hxg5) 56. Rxa3 {The position is equal.} f3 {[#] ...f2+ is the strong threat.} 57. Rf1 Rd2 58. Ra6 Kg7 59. Rf2 Rd1+ 60. Rf1 Rd3 61. Rc6 Kg6 62. c4 Rxd4 63. cxd5 Rxd5 64. Rc3 Rdf5 65. Kf2 Rh5 66. h4 Ra5 67. Kg1 Raf5 68. Kf2 Rb5 69. Kg1 Kh5 {And now ...Kg4 would win.} 70. Rfxf3 Rxf3 71. Rxf3 {KR-KR} Kg4 72. Rf6 e5 (72... Kxg3 $5 73. Rg6+ $8 Kf4 $11) 73. Rxh6 Rb2 74. Rg6+ Kf3 75. h5 e4 76. Rf6+ Kg4 77. h6 {aiming for h7.} Rb7 78. Kf2 Kg5 79. Re6 Rf7+ 80. Ke3 Rf3+ 81. Kxe4 Rxg3 82. h7 Rh3 {Accuracy: White = 48%, Black = 47%.} 1/2-1/2